| 000 | 01041nam a2200265Ia 4500 | ||
|---|---|---|---|
| 999 |
_c3954 _d3954 |
||
| 003 | OSt | ||
| 005 | 20200330121244.0 | ||
| 008 | 191128s2016 ck a br 000 1 spa d | ||
| 020 | _a9789587802788 | ||
| 040 |
_aCO-JMCR _cCO-JMCR |
||
| 041 | _aspa | ||
| 082 | 0 | 4 |
_aA / _bGEDe |
| 100 | 1 |
_aGedovíus, Juan, _eautor _91972 |
|
| 245 | 1 | 0 |
_aEncimosaurio / _cJuan Gedovius |
| 250 | _aPrimera edición | ||
| 260 |
_aBogotá : _bSM, _c2016 |
||
| 300 |
_a[40] páginas sin numerar : _bilustraciones en color ; _c29 cm. |
||
| 440 |
_aLeer es mi cuento _91773 |
||
| 500 | _aPlan Nacional de lectura y escritura, 2016. | ||
| 520 | _aCeratosaurio está buscando con quién jugar. Quiere ser amigo de Lambeosaurio,de los grandes lagaratos voladores y de otros parientes suyos.Ellos no le hacen caso y se alejan, pero él insiste, no se da por vencido. ¡qué encimoso!Deberían llamarlo encimosau | ||
| 521 | _aRecomendado de 6 a 8 años. | ||
| 546 | _aspa | ||
| 650 | 1 | 4 |
_aDinosaurios en la literatura _ysiglo XX _91974 _xalbum |
| 942 |
_2ddc _cBK |
||